Solve the Secret Country by Doing Math Problems #3 - Statistics

General Stats
  • This quiz has been taken 615 times
  • The average score is 16 of 26
Answer Stats
Hint Answer % Correct
base 12 and height 7 42
100%
base 15 and height 10 75
100%
base 8 and height 13 52
99%
base 14 and height 9 63
99%
base 16 and height 16 128
97%
3 and 4 5
89%
5 and 12 13
86%
1 and 3 √{10}
85%
1 and 2 √{5}
84%
4 and 4 (give your answer in simplest form) {4}√{2}
59%
length 7 and width 5 24
55%
length 9 and width 7 32
54%
length 15 and width 12 54
53%
length 17 and width 20 74
52%
length 25 and width 20 90
51%
π/6 {30}°
44%
π/2 {90}°
44%
2π/3 {120}°
40%
3π/4 {135}°
36%
π {180}°
36%
radius 4 {16}π
35%
radius 6 {36}π
34%
Secret Country Indonesia
33%
diameter 14 {49}π
31%
diameter 18 {81}π
31%
circumference 10π {25}π
28%
No matching quizzes found
Score Distribution
Percent of People with Each Score
Percentile by Number Answered
Your Score History
You have not taken this quiz